| 000 | 00588nam a2200205Ia 4500 | ||
|---|---|---|---|
| 003 | OSt | ||
| 005 | 20240315113422.0 | ||
| 008 | 210210b2001 xxu||||| |||| 00| 0 eng d | ||
| 040 | _cAL | ||
| 041 | _aKannada | ||
| 082 | _aK894.2 JAYJ | ||
| 100 |
_aJAYANT KAIKINI _dಜಯಂತ್ ಕಾಯ್ಕಿಣಿ _9154513 |
||
| 245 |
_aJategiruvanu chandira. _bಜೊತೆಗಿರುವನು ಚಂದಿರ |
||
| 260 |
_aSagara _bAkshara Prakashana _c2001 |
||
| 300 | _a71 | ||
| 650 |
_aSangita Nataka _9154514 |
||
| 690 |
_aKannada Drama _9154515 |
||
| 906 | _a057010 | ||
| 942 |
_2ddc _cBK |
||
| 999 |
_c104562 _d104562 |
||